Analysis of capacity and delays in Fi-Wi access networks (Record no. 11359)

000 -LEADER
fixed length control field 00529 a2200133 4500
082 ## - DEWEY DECIMAL CLASSIFICATION NUMBER
Classification number MS-CSE-1
100 ## - MAIN ENTRY--PERSONAL NAME
Personal name S. M. Ahsan Raza Kazmi
9 (RLIN) 98944
245 ## - TITLE STATEMENT
Title Analysis of capacity and delays in Fi-Wi access networks
Statement of responsibility, etc. S. M. Ahsan Raza Kazmi
260 ## - PUBLICATION, DISTRIBUTION, ETC.
Place of publication, distribution, etc. Islamabad
Name of publisher, distributor, etc. NUST-SEECS
Date of publication, distribution, etc. 2012
300 ## - PHYSICAL DESCRIPTION
Extent Pages various
Other physical details ;ill.
Dimensions ;27cm.+
Accompanying material CD ROM
500 ## - GENERAL NOTE
General note Supervisors: Dr. S. M. Hassan Zaidi, Dr. Usman Younis, Dr. Tauseef Tauqeer, M. Ramzan
856 ## - ELECTRONIC LOCATION AND ACCESS
Uniform Resource Identifier <a href="http://10.250.8.41:8080/xmlui/handle/123456789/9604">http://10.250.8.41:8080/xmlui/handle/123456789/9604</a>
942 ## - ADDED ENTRY ELEMENTS (KOHA)
Koha item type Project Report
Call number prefix MS-CSE-1 AHS
Source of classification or shelving scheme
Holdings
Withdrawn status Lost status Damaged status Not for loan Permanent Location Current Location Total Checkouts Full call number Barcode Date last seen Date last checked out Price effective from Koha item type Source of classification or shelving scheme Shelving location Date acquired
        Central Library (CL) Central Library (CL) 1 MS-CSE-1 AHS SEECSP01214 01/21/2015 01/18/2015 11/14/2012 Project Report      
        Central Library (CL) Central Library (CL)   621.382 CL-T-3175 08/31/2019   08/31/2019 Thesis   Thesis 08/31/2019
© 2023 Central Library, National University of Sciences and Technology. All Rights Reserved.